(01) - 50 villes les plus peuplées de l'Ain (01) - Statistiques

Statistiques générales
  • Ce quiz a été pris 78 fois
  • Le résultat moyen est 14 sur 50
Statistiques - réponses
nombre d'habitant ville % Correct
41 525 Bourg-en-Bresse
100%
22 277 Oyonnax
90%
13 078 Gex
67%
3 449 Nantua
62%
16 295 Valserhône
57%
9 239 Belley
52%
2 838 Péron
49%
6 808 Viriat
49%
8 085 Meximieux
48%
10 225 Miribel
44%
6 448 Péronnas
44%
6 947 Trévoux
44%
10 137 Divonne-les-Bains
39%
6 838 Montluel
39%
6 063 Saint-Denis-lès-Bourg
39%
4 954 Villars-les-Dombes
39%
7 268 Lagnieu
38%
2 871 Pont-d'Ain
36%
4 877 Beynost
33%
10 920 Ferney-Voltaire
33%
14 558 Saint-Genis-Pouilly
31%
3 285 Ceyzériat
28%
4 155 Saint-Maurice-de-Beynost
25%
3 541 Montréal-la-Cluse
23%
3 899 Replonges
20%
6 136 Thoiry
20%
3 336 Attignat
16%
3 636 Bellignat
16%
6 355 Jassans-Riottier
16%
3 368 Saint-André-de-Corcy
16%
3 216 Vonnas
16%
3 409 Arbent
15%
9 063 Prévessin-Moëns
15%
2 833 Ambronay
13%
4 753 Dagneux
13%
3 361 La Boisse
11%
4 807 Plateau d'Hauteville
11%
5 098 Reyrieux
11%
3 792 Montmerle-sur-Saône
10%
4 065 Bâgé-Dommartin
8%
4 690 Ornex
8%
3 381 Feillens
7%
4 434 Béligneux
5%
5 307 Cessy
5%
3 381 Loyettes
5%
3 793 Villieu-Loyes-Mollon
5%
14 854 Ambrieux-en-Bugey
3%
5 059 Châtillion-sur-Chalaronne
3%
3 052 Saint-Didier-sur-Chalaronne
3%
3 426 Culoz-Béon
2%
Aucun quiz correspondant
Distribution des résultats
% des personnes avec chaque résultat
Percentile par nombre de réponses
Votre historique - résultats
Vous n’avez pas pris ce quiz